[Event "European Senior Team Championship 2021"]
[Site "Don Giovanni hotel, Vinohradska 2733, Prague, Czech Republic"]
[Date "2021.09.01"]
[Round "3"]
[Board "1"]
[White "Huss, Andreas"]
[Black "Farago, Ivan"]
[Result "1/2-1/2"]
[WhiteElo "2249"]
[BlackElo "2323"]
[PlyCount "0"]
[EventDate "2021.08.30"]
[EventType "team"]
[EventRounds "9"]
[EventCountry "ECX"]
[WhiteTeam "SWITZERLAND"]
[BlackTeam "HUNGARY"]

1. d4 {[%clk 1:30:52]} Nf6 {[%clk 1:30:46]} 2. c4 {[%clk 1:31:00]} g6
{[%clk 1:31:06]} 3. Nf3 {[%clk 1:31:22]} Bg7 {[%clk 1:31:17]} 4. Nc3
{[%clk 1:31:48]} d5 {[%clk 1:31:35]} 5. cxd5 {[%clk 1:31:03]} Nxd5
{[%clk 1:31:56]} 6. e4 {[%clk 1:31:24]} Nxc3 {[%clk 1:32:15]} 7. bxc3
{[%clk 1:31:47]} O-O {[%clk 1:32:30]} 8. Ba3 {[%clk 1:29:32]} b6 {[%clk 1:30:37]}
9. Rc1 {[%clk 1:22:53]} Bb7 {[%clk 1:26:31]} 10. Bd3 {[%clk 1:20:48]} c5
{[%clk 1:24:28]} 11. O-O {[%clk 1:16:17]} Nd7 {[%clk 1:18:28]} 12. Qe2
{[%clk 1:09:26]} e6 {[%clk 1:16:52]} 13. Rfd1 {[%clk 1:05:53]} Qc7
{[%clk 1:16:43]} 14. Qe3 {[%clk 1:00:08]} Rae8 {[%clk 1:09:50]} 15. Bb5
{[%clk 0:47:15]} Bc6 {[%clk 1:07:35]} 16. c4 Bxb5 17. cxb5 {[%clk 0:38:36]}
 1/2-1/2

[Event "European Senior Team Championship 2021"]
[Site "Don Giovanni hotel, Vinohradska 2733, Prague, Czech Republic"]
[Date "2021.09.01"]
[Round "3"]
[Board "2"]
[White "Hardicsay, Peter"]
[Black "Hugentobler, Patrick"]
[Result "1/2-1/2"]
[WhiteElo "2185"]
[BlackElo "2168"]
[PlyCount "0"]
[EventDate "2021.08.30"]
[EventType "team"]
[EventRounds "9"]
[EventCountry "ECX"]
[WhiteTeam "HUNGARY"]
[BlackTeam "SWITZERLAND"]

1. e4 {[%clk 1:30:40]} e6 {[%clk 1:30:55]} 2. d4 {[%clk 1:31:02]} d5
{[%clk 1:31:21]} 3. Nd2 {[%clk 1:31:13]} a6 {[%clk 1:31:41]} 4. Bd3
{[%clk 1:30:40]} c5 {[%clk 1:31:58]} 5. dxc5 {[%clk 1:30:28]} Bxc5
{[%clk 1:32:18]} 6. Ngf3 {[%clk 1:28:49]} Nf6 {[%clk 1:31:56]} 7. Qe2
{[%clk 1:28:45]} Nc6 {[%clk 1:30:57]} 8. c3 {[%clk 1:21:41]} Qc7 {[%clk 1:27:55]}
9. O-O {[%clk 1:15:22]} dxe4 {[%clk 1:00:46]} 10. Nxe4 {[%clk 1:14:50]} Be7
{[%clk 0:56:46]} 11. Re1 {[%clk 0:54:02]} Bd7 {[%clk 0:52:08]} 12. Bg5
{[%clk 0:43:05]} O-O-O {[%clk 0:43:54]} 13. Bh4 {[%clk 0:37:09]} Nxe4
{[%clk 0:43:05]} 14. Bxe4 {[%clk 0:36:59]} Bxh4 {[%clk 0:43:14]} 15. Nxh4
{[%clk 0:37:10]} Ne7 {[%clk 0:39:59]} 16. Nf3 {[%clk 0:34:32]} Bc6
{[%clk 0:39:41]} 17. Bxc6 {[%clk 0:29:40]} Nxc6 {[%clk 0:40:01]} 18. b4
{[%clk 0:30:02]} Rd5 {[%clk 0:28:50]} 19. a4 {[%clk 0:29:06]} Rhd8
{[%clk 0:20:18]} 20. b5 {[%clk 0:28:57]} Nb8 {[%clk 0:19:50]} 21. c4
{[%clk 0:14:57]} Rc5 {[%clk 0:17:04]} 22. Ne5 {[%clk 0:14:48]} Rd6
{[%clk 0:13:28]} 23. Rac1 {[%clk 0:13:47]} Kd8 {[%clk 0:10:24]} 24. Qe4
{[%clk 0:08:09]} g6 {[%clk 0:06:49]} 25. Qh4+ {[%clk 0:06:56]} Ke8
{[%clk 0:07:18]} 26. Qxh7 {[%clk 0:06:57]} Qe7 {[%clk 0:06:52]} 27. f4
{[%clk 0:05:51]} Nd7 {[%clk 0:04:30]} 28. Qh3 {[%clk 0:02:50]} Nxe5
{[%clk 0:04:42]} 29. Rxe5 {[%clk 0:03:00]} Rd4 {[%clk 0:03:10]} 30. bxa6
{[%clk 0:01:55]} bxa6 {[%clk 0:02:55]} 31. Rce1 {[%clk 0:01:24]} Rxe5
{[%clk 0:01:59]} 32. Qh8+ {[%clk 0:01:33]} Kd7 {[%clk 0:01:16]} 33. Qxe5
{[%clk 0:01:54]} Qd6 {[%clk 0:01:35]} 34. Qe2 {[%clk 0:01:14]} Qc5
{[%clk 0:01:06]} 35. Kh1 {[%clk 0:01:28]} Qxc4 {[%clk 0:01:13]} 36. Qe5
{[%clk 0:00:59]}  1/2-1/2

[Event "European Senior Team Championship 2021"]
[Site "Don Giovanni hotel, Vinohradska 2733, Prague, Czech Republic"]
[Date "2021.09.01"]
[Round "3"]
[Board "3"]
[White "Vucenovic, Dragomir"]
[Black "Volosin, Vladimir"]
[Result "1-0"]
[WhiteElo "2161"]
[BlackElo "2235"]
[PlyCount "0"]
[EventDate "2021.08.30"]
[EventType "team"]
[EventRounds "9"]
[EventCountry "ECX"]
[WhiteTeam "SWITZERLAND"]
[BlackTeam "HUNGARY"]

1. d4 {[%clk 1:30:56]} c6 {[%clk 1:30:30]} 2. Nf3 {[%clk 1:31:07]} d5
{[%clk 1:30:44]} 3. g3 {[%clk 1:31:09]} Nf6 {[%clk 1:30:54]} 4. Bg2
{[%clk 1:31:27]} Bf5 {[%clk 1:31:11]} 5. O-O {[%clk 1:31:32]} e6 {[%clk 1:31:33]}
6. c4 {[%clk 1:30:45]} Bd6 {[%clk 1:27:54]} 7. b3 {[%clk 1:30:21]} Nbd7
{[%clk 1:27:24]} 8. Bb2 {[%clk 1:30:16]} O-O {[%clk 1:24:41]} 9. Nbd2
{[%clk 1:29:40]} Qe7 {[%clk 1:21:59]} 10. a3 {[%clk 1:17:38]} h6 {[%clk 1:14:30]}
11. Re1 {[%clk 1:14:51]} Bh7 {[%clk 1:11:36]} 12. Ne5 {[%clk 1:13:39]} Bxe5
{[%clk 1:02:19]} 13. dxe5 {[%clk 1:12:59]} Ng4 {[%clk 1:02:39]} 14. Nf3
{[%clk 1:06:22]} Be4 {[%clk 1:02:17]} 15. h3 {[%clk 1:03:32]} f5 {[%clk 0:56:14]}
16. hxg4 {[%clk 0:58:51]} fxg4 {[%clk 0:56:30]} 17. Nd2 {[%clk 0:55:50]} Bxg2
{[%clk 0:50:39]} 18. Kxg2 {[%clk 0:56:06]} Qg5 {[%clk 0:48:27]} 19. f4
{[%clk 0:44:25]} gxf3+ {[%clk 0:46:11]} 20. Nxf3 {[%clk 0:44:21]} Qe3
{[%clk 0:33:44]} 21. Bd4 {[%clk 0:43:34]} Qe4 {[%clk 0:34:03]} 22. Qd3
{[%clk 0:42:52]} Qg4 {[%clk 0:34:15]} 23. Rh1 {[%clk 0:37:24]} Rf5
{[%clk 0:25:13]} 24. cxd5 {[%clk 0:24:22]} cxd5 {[%clk 0:24:47]} 25. Raf1
{[%clk 0:23:51]} Raf8 {[%clk 0:23:27]} 26. Nh2 {[%clk 0:23:10]} Qg6
{[%clk 0:22:45]} 27. Rxf5 {[%clk 0:23:08]} exf5 {[%clk 0:23:02]} 28. Rf1
{[%clk 0:21:47]} Qe6 {[%clk 0:23:18]} 29. Rd1 {[%clk 0:17:33]} f4
{[%clk 0:17:38]} 30. gxf4 {[%clk 0:14:58]} Rxf4 {[%clk 0:17:46]} 31. Bxa7
{[%clk 0:09:00]} Kh8 {[%clk 0:15:52]} 32. Qxd5 {[%clk 0:06:28]} Qg6+
{[%clk 0:16:10]} 33. Kh1 {[%clk 0:06:41]} Nf8 {[%clk 0:16:16]} 34. Rg1
{[%clk 0:06:05]} Qf5 {[%clk 0:14:03]} 35. Qg2 {[%clk 0:03:46]} Ne6
{[%clk 0:12:56]} 36. Rf1 {[%clk 0:02:15]} Qxe5 {[%clk 0:11:50]} 37. e3
{[%clk 0:00:50]} Rh4 {[%clk 0:11:15]} 38. Bd4 {[%clk 0:00:59]} Nxd4
{[%clk 0:09:11]} 39. exd4 {[%clk 0:01:28]} Rxd4 {[%clk 0:09:12]} 40. Rf8+
{[%clk 0:01:41]} Kh7 {[%clk 0:09:24]} 41. Qc2+ {[%clk 0:01:28]} Qe4+
{[%clk 0:06:52]} 42. Qxe4+ {[%clk 0:00:31]} Rxe4 {[%clk 0:06:17]} 43. Rf7
{[%clk 0:29:48]} b5 {[%clk 0:36:19]} 44. Rb7 {[%clk 0:29:39]} Re1+
{[%clk 0:35:06]} 45. Kg2 {[%clk 0:29:54]} Re2+ {[%clk 0:35:25]} 46. Kg1 Re5 47.
Kf2 {[%clk 0:28:51]} h5 {[%clk 0:35:18]} 48. Nf3 {[%clk 0:28:47]} Rf5
{[%clk 0:30:37]} 49. Ke3 {[%clk 0:29:06]} Kh6 {[%clk 0:30:34]} 50. Ke4
{[%clk 0:25:56]} g6 {[%clk 0:30:42]} 51. b4 {[%clk 0:25:12]} Rf6 {[%clk 0:23:16]}
52. Rxb5 {[%clk 0:25:31]} Re6+ {[%clk 0:23:21]} 53. Kf4 {[%clk 0:24:26]} Ra6
{[%clk 0:22:44]} 54. Ra5 {[%clk 0:24:51]} Rc6 {[%clk 0:23:03]} 55. Ne5
{[%clk 0:24:29]} Rf6+ {[%clk 0:23:14]} 56. Ke4 {[%clk 0:24:24]} g5
{[%clk 0:23:26]} 57. b5 {[%clk 0:22:39]} Rf4+ {[%clk 0:23:44]} 58. Ke3
{[%clk 0:22:51]} h4 {[%clk 0:23:36]} 59. b6 {[%clk 0:22:21]} Rf1 {[%clk 0:20:38]}
60. Rb5 {[%clk 0:22:15]} h3 {[%clk 0:20:50]} 61. b7 {[%clk 0:22:02]}  1-0

[Event "European Senior Team Championship 2021"]
[Site "Don Giovanni hotel, Vinohradska 2733, Prague, Czech Republic"]
[Date "2021.09.01"]
[Round "3"]
[Board "4"]
[White "Restas, Peter"]
[Black "Bhend, Edwin"]
[Result "1/2-1/2"]
[WhiteElo "2115"]
[BlackElo "2104"]
[PlyCount "0"]
[EventDate "2021.08.30"]
[EventType "team"]
[EventRounds "9"]
[EventCountry "ECX"]
[WhiteTeam "HUNGARY"]
[BlackTeam "SWITZERLAND"]

1. c4 {[%clk 1:30:57]} e5 {[%clk 1:28:59]} 2. g3 {[%clk 1:30:42]} Nf6
{[%clk 1:28:47]} 3. Bg2 {[%clk 1:30:59]} d6 {[%clk 1:28:46]} 4. Nc3
{[%clk 1:31:11]} Be7 {[%clk 1:28:44]} 5. e3 {[%clk 1:28:24]} Nc6 {[%clk 1:28:12]}
6. Nge2 {[%clk 1:25:56]} O-O {[%clk 1:27:51]} 7. O-O {[%clk 1:24:38]} Re8
{[%clk 1:27:47]} 8. d3 {[%clk 1:16:56]} Rb8 {[%clk 1:27:05]} 9. a3
{[%clk 1:06:48]} Bf8 {[%clk 1:25:37]} 10. b4 {[%clk 1:03:26]} Ne7
{[%clk 1:19:40]} 11. d4 {[%clk 0:58:03]} Bd7 {[%clk 1:15:29]} 12. Bb2
{[%clk 0:53:53]} a6 {[%clk 1:08:24]} 13. d5 {[%clk 0:37:51]} Qc8 {[%clk 1:08:17]}
14. Re1 {[%clk 0:37:23]} Bh3 {[%clk 1:02:30]} 15. Bh1 {[%clk 0:37:43]} Ng6
{[%clk 1:02:21]} 16. e4 {[%clk 0:36:58]} h5 {[%clk 0:58:51]} 17. Bc1
{[%clk 0:35:03]} Nh7 {[%clk 0:55:48]} 18. Be3 {[%clk 0:32:36]} Be7
{[%clk 0:53:08]} 19. Qd2 {[%clk 0:32:10]} h4 {[%clk 0:48:21]} 20. Bg2
{[%clk 0:27:05]} Bxg2 {[%clk 0:38:57]} 21. Kxg2 {[%clk 0:27:34]} hxg3
{[%clk 0:39:17]} 22. hxg3 {[%clk 0:25:55]} Qg4 {[%clk 0:39:22]} 23. Rh1
{[%clk 0:21:50]} Nh4+ {[%clk 0:35:17]} 24. Kf1 {[%clk 0:20:53]} Nf3
{[%clk 0:35:28]} 25. Qd1 {[%clk 0:20:46]} f5 {[%clk 0:26:09]} 26. exf5
{[%clk 0:17:17]} Bg5 {[%clk 0:15:10]} 27. Bxg5 {[%clk 0:09:57]} Nhxg5
{[%clk 0:15:01]} 28. Qd3 {[%clk 0:09:59]} Rf8 {[%clk 0:14:22]} 29. Nd1
{[%clk 0:08:04]} e4 {[%clk 0:09:31]} 30. Qc2 {[%clk 0:06:43]} Qxf5
{[%clk 0:09:24]} 31. Nf4 {[%clk 0:06:07]} Qe5 {[%clk 0:06:26]} 32. Ra2
{[%clk 0:03:59]} Rf6 {[%clk 0:06:12]}  1/2-1/2

[Event "European Senior Team Championship 2021"]
[Site "Don Giovanni hotel, Vinohradska 2733, Prague, Czech Republic"]
[Date "2021.09.01"]
[Round "3"]
[Board "1"]
[White "Jansa, Vlastimil"]
[Black "Renman, Nils-Gustaf"]
[Result "1/2-1/2"]
[WhiteElo "2420"]
[BlackElo "2311"]
[PlyCount "0"]
[EventDate "2021.08.30"]
[EventType "team"]
[EventRounds "9"]
[EventCountry "ECX"]
[WhiteTeam "LYSA NAD LABEM - 100 LET"]
[BlackTeam "SWEDEN 1"]

1. e4 {[%clk 1:30:54]} e6 {[%clk 1:30:55]} 2. d4 {[%clk 1:31:20]} d5
{[%clk 1:31:20]} 3. Nd2 {[%clk 1:31:45]} c5 {[%clk 1:31:44]} 4. Ngf3
{[%clk 1:31:57]} Nc6 {[%clk 1:32:01]} 5. exd5 {[%clk 1:32:17]} exd5
{[%clk 1:32:23]} 6. Bb5 {[%clk 1:32:40]} Qe7+ {[%clk 1:32:44]} 7. Be2
{[%clk 1:32:38]} Qc7 {[%clk 1:33:05]} 8. O-O {[%clk 1:32:46]} Nf6
{[%clk 1:33:25]} 9. Re1 {[%clk 1:29:10]} cxd4 {[%clk 1:33:44]} 10. Nb3
{[%clk 1:29:17]} Bb4 {[%clk 1:34:05]} 11. Bd2 {[%clk 1:29:31]} Bxd2
{[%clk 1:34:31]} 12. Qxd2 {[%clk 1:29:56]} O-O {[%clk 1:34:54]} 13. Nfxd4
{[%clk 1:29:05]} Bd7 {[%clk 1:34:51]} 14. Bd3 {[%clk 1:26:29]} Rfe8
{[%clk 1:31:22]} 15. Nxc6 {[%clk 1:18:27]} bxc6 {[%clk 1:27:02]} 16. Qc3
{[%clk 1:14:12]} Ng4 {[%clk 1:20:22]} 17. g3 {[%clk 1:14:13]} Ne5
{[%clk 1:12:32]} 18. Be2 {[%clk 1:08:38]} Re7 {[%clk 0:49:09]} 19. f4
{[%clk 1:01:37]} Ng6 {[%clk 0:40:22]} 20. Bf3 {[%clk 0:56:52]} Rae8
{[%clk 0:32:45]} 21. Rxe7 {[%clk 0:42:22]} Rxe7 {[%clk 0:31:37]} 22. Kg2
{[%clk 0:38:31]} Qc8 {[%clk 0:25:28]} 23. Re1 {[%clk 0:34:31]} Bg4
{[%clk 0:21:18]} 24. Rxe7 {[%clk 0:31:45]} Bxf3+ {[%clk 0:20:42]} 25. Qxf3
{[%clk 0:24:04]} Nxe7 {[%clk 0:21:07]} 26. Qe3 {[%clk 0:24:04]} Qc7
{[%clk 0:19:12]} 27. Qc5 {[%clk 0:21:33]} h5 {[%clk 0:19:13]} 28. Nd4
{[%clk 0:20:25]} h4 {[%clk 0:11:10]} 29. b4 {[%clk 0:19:46]} hxg3
{[%clk 0:08:31]} 30. hxg3 {[%clk 0:20:11]} Qd7 {[%clk 0:08:52]} 31. a4
{[%clk 0:19:44]} a6 {[%clk 0:05:29]} 32. Qb6 {[%clk 0:17:30]} Qc8
{[%clk 0:05:55]} 33. Qc5 {[%clk 0:17:34]} Qd7 {[%clk 0:06:14]} 34. Qb6
{[%clk 0:14:16]} Qc8 {[%clk 0:06:36]} 35. Qa7  1/2-1/2

[Event "European Senior Team Championship 2021"]
[Site "Don Giovanni hotel, Vinohradska 2733, Prague, Czech Republic"]
[Date "2021.09.01"]
[Round "3"]
[Board "2"]
[White "Uddenfeldt, Dan"]
[Black "Meduna, Eduard"]
[Result "1/2-1/2"]
[WhiteElo "2309"]
[BlackElo "2352"]
[PlyCount "0"]
[EventDate "2021.08.30"]
[EventType "team"]
[EventRounds "9"]
[EventCountry "ECX"]
[WhiteTeam "SWEDEN 1"]
[BlackTeam "LYSA NAD LABEM - 100 LET"]

1. d4 {[%clk 1:30:24]} Nf6 {[%clk 1:27:47]} 2. Nf3 {[%clk 1:30:32]} d5
{[%clk 1:28:00]} 3. c4 {[%clk 1:29:02]} c6 {[%clk 1:28:17]} 4. cxd5
{[%clk 1:28:58]} cxd5 {[%clk 1:28:31]} 5. Nc3 {[%clk 1:28:59]} Nc6
{[%clk 1:28:46]} 6. Bf4 {[%clk 1:26:35]} Bf5 {[%clk 1:28:41]} 7. Qb3
{[%clk 1:26:04]} Na5 {[%clk 1:28:03]} 8. Qa4+ {[%clk 1:25:37]} Bd7
{[%clk 1:28:11]} 9. Qc2 {[%clk 1:25:14]} e6 {[%clk 1:28:02]} 10. e3
{[%clk 1:24:11]} Rc8 {[%clk 1:27:20]} 11. Ne5 {[%clk 1:23:10]} Bb4
{[%clk 1:26:04]} 12. Bd3 {[%clk 1:22:32]} h6 {[%clk 1:20:26]} 13. O-O
{[%clk 1:16:41]} O-O {[%clk 1:20:45]} 14. Rfc1 {[%clk 1:14:32]} Nh5
{[%clk 1:12:30]} 15. Nxd7 {[%clk 1:13:10]} Qxd7 {[%clk 1:12:28]} 16. Be5
{[%clk 1:11:48]} f6 {[%clk 1:11:29]} 17. Bg3 {[%clk 1:11:24]} Nxg3
{[%clk 1:11:41]} 18. hxg3 {[%clk 1:11:52]} Rc7 {[%clk 1:06:24]} 19. Qa4
{[%clk 1:05:15]} Qxa4 {[%clk 1:05:46]} 20. Nxa4 {[%clk 1:05:42]} Rfc8
{[%clk 1:05:57]} 21. Rxc7 {[%clk 1:05:33]} Rxc7 {[%clk 1:06:16]} 22. Nc3
{[%clk 0:56:48]} Bxc3 {[%clk 0:54:19]} 23. Rc1 {[%clk 0:56:32]} Nb3
{[%clk 0:55:19]}  1/2-1/2

[Event "European Senior Team Championship 2021"]
[Site "Don Giovanni hotel, Vinohradska 2733, Prague, Czech Republic"]
[Date "2021.09.01"]
[Round "3"]
[Board "3"]
[White "Hausner, Ivan"]
[Black "Malmdin, Nils-Ake"]
[Result "1-0"]
[WhiteElo "2336"]
[BlackElo "2150"]
[PlyCount "0"]
[EventDate "2021.08.30"]
[EventType "team"]
[EventRounds "9"]
[EventCountry "ECX"]
[WhiteTeam "LYSA NAD LABEM - 100 LET"]
[BlackTeam "SWEDEN 1"]

1. d4 {[%clk 1:30:57]} Nf6 {[%clk 1:30:23]} 2. c4 {[%clk 1:31:24]} e6
{[%clk 1:30:33]} 3. g3 {[%clk 1:31:49]} c5 {[%clk 1:28:23]} 4. Nf3
{[%clk 1:32:12]} b6 {[%clk 1:26:25]} 5. Bg2 {[%clk 1:32:35]} Bb7 {[%clk 1:26:42]}
6. d5 {[%clk 1:33:00]} exd5 {[%clk 1:24:49]} 7. Nh4 {[%clk 1:33:22]} g6
{[%clk 1:25:05]} 8. Nc3 {[%clk 1:33:47]} Bg7 {[%clk 1:25:13]} 9. Nxd5
{[%clk 1:31:28]} Nxd5 {[%clk 1:25:22]} 10. Bxd5 {[%clk 1:31:42]} Nc6
{[%clk 1:24:12]} 11. O-O {[%clk 1:31:49]} O-O {[%clk 1:24:31]} 12. Rb1
{[%clk 1:31:16]} Qe7 {[%clk 1:08:06]} 13. Bf4 {[%clk 1:28:22]} Rfe8
{[%clk 1:05:22]} 14. Re1 {[%clk 1:27:37]} Nd8 {[%clk 0:53:33]} 15. Bxb7
{[%clk 1:27:05]} Nxb7 {[%clk 0:53:59]} 16. Qd5 {[%clk 1:27:21]} d6
{[%clk 0:54:12]} 17. Nf3 {[%clk 1:27:00]} h6 {[%clk 0:52:28]} 18. b3
{[%clk 1:24:54]} g5 {[%clk 0:43:53]} 19. Be3 {[%clk 1:22:48]} Qe4
{[%clk 0:42:37]} 20. Red1 {[%clk 1:22:09]} Qxd5 {[%clk 0:42:52]} 21. Rxd5
{[%clk 1:22:28]} a5 {[%clk 0:35:14]} 22. h4 {[%clk 1:21:44]} f6 {[%clk 0:34:40]}
23. a3 {[%clk 1:21:50]} Re4 {[%clk 0:31:18]} 24. Kg2 {[%clk 1:18:57]} Kf7
{[%clk 0:18:39]} 25. Nd2 {[%clk 1:16:35]} Re6 {[%clk 0:17:47]} 26. b4
{[%clk 1:08:32]} cxb4 {[%clk 0:17:17]} 27. axb4 {[%clk 1:08:56]} a4
{[%clk 0:17:13]} 28. Ra1 {[%clk 1:09:16]} a3 {[%clk 0:11:56]} 29. Ra2
{[%clk 1:09:32]} Ra4 {[%clk 0:11:00]} 30. Rb5 {[%clk 1:08:12]} Ra6
{[%clk 0:10:45]} 31. Rxb6 {[%clk 1:07:01]} Rxb6 {[%clk 0:10:56]} 32. Bxb6
{[%clk 1:07:29]} d5 {[%clk 0:07:22]} 33. c5 {[%clk 1:07:51]} Rxe2
{[%clk 0:05:05]} 34. Rxa3 {[%clk 1:07:48]} Nxc5 {[%clk 0:04:20]} 35. bxc5
{[%clk 1:08:11]} Rxd2 {[%clk 0:04:37]} 36. Ra7+ {[%clk 1:08:36]} Kg6
{[%clk 0:04:48]} 37. h5+ {[%clk 1:08:58]}  1-0

[Event "European Senior Team Championship 2021"]
[Site "Don Giovanni hotel, Vinohradska 2733, Prague, Czech Republic"]
[Date "2021.09.01"]
[Round "3"]
[Board "4"]
[White "Hammar, Bengt"]
[Black "Spacek, Petr"]
[Result "1/2-1/2"]
[WhiteElo "2130"]
[BlackElo "2318"]
[PlyCount "0"]
[EventDate "2021.08.30"]
[EventType "team"]
[EventRounds "9"]
[EventCountry "ECX"]
[WhiteTeam "SWEDEN 1"]
[BlackTeam "LYSA NAD LABEM - 100 LET"]

1. e4 {[%clk 1:30:31]} g6 {[%clk 1:30:28]} 2. d4 {[%clk 1:30:07]} Bg7
{[%clk 1:30:54]} 3. Nc3 {[%clk 1:30:13]} c6 {[%clk 1:30:36]} 4. f4
{[%clk 1:22:10]} d5 {[%clk 1:30:43]} 5. e5 {[%clk 1:20:01]} Nh6 {[%clk 1:30:54]}
6. Nf3 {[%clk 1:20:05]} f6 {[%clk 1:29:57]} 7. Bd3 {[%clk 1:19:24]} Bg4
{[%clk 1:27:57]} 8. O-O {[%clk 1:18:58]} O-O {[%clk 1:28:14]} 9. h3
{[%clk 1:15:38]} Bxf3 {[%clk 1:28:32]} 10. Rxf3 {[%clk 1:16:00]} fxe5
{[%clk 1:26:03]} 11. fxe5 {[%clk 1:15:47]} Nd7 {[%clk 1:24:58]} 12. Rxf8+
{[%clk 1:15:13]} Nxf8 {[%clk 1:22:15]} 13. Ne2 {[%clk 1:15:09]} Qb6
{[%clk 1:20:27]} 14. c3 {[%clk 1:13:35]} Ne6 {[%clk 1:20:10]} 15. Qb3
{[%clk 1:10:20]} Qxb3 {[%clk 1:11:42]} 16. axb3 {[%clk 1:05:13]} a6
{[%clk 1:12:03]} 17. Nf4 {[%clk 0:57:54]} Nxf4 {[%clk 0:59:43]} 18. Bxf4
{[%clk 0:58:05]} e6 {[%clk 0:59:55]} 19. b4 {[%clk 0:57:45]} Rf8 {[%clk 1:00:01]}
20. Rf1 {[%clk 0:52:37]} Nf5 {[%clk 0:55:49]} 21. g4 {[%clk 0:48:57]} Ne7
{[%clk 0:52:07]} 22. Bg5 {[%clk 0:44:24]} Rxf1+ {[%clk 0:51:00]} 23. Kxf1
{[%clk 0:44:44]} Kf7 {[%clk 0:51:28]} 24. Ke2 {[%clk 0:43:51]} Nc8
{[%clk 0:51:28]} 25. Bd2 {[%clk 0:42:30]} Bf8 {[%clk 0:51:13]} 26. b3
{[%clk 0:41:23]} Be7 {[%clk 0:49:59]} 27. Kf3 {[%clk 0:36:21]} Kg7
{[%clk 0:46:53]} 28. Kg3 {[%clk 0:35:37]} g5 {[%clk 0:46:20]} 29. Kf3
{[%clk 0:34:16]} h6 {[%clk 0:46:24]} 30. c4 {[%clk 0:25:17]} Na7 {[%clk 0:25:17]}
31. Ke2 {[%clk 0:23:34]} Bd8 {[%clk 0:25:16]} 32. Kd1 {[%clk 0:23:28]} b5
{[%clk 0:24:08]} 33. c5 {[%clk 0:23:29]}  1/2-1/2

[Event "European Senior Team Championship 2021"]
[Site "Don Giovanni hotel, Vinohradska 2733, Prague, Czech Republic"]
[Date "2021.09.01"]
[Round "3"]
[Board "1"]
[White "Kolbak, Jens"]
[Black "Orlova, Liubov"]
[Result "1-0"]
[WhiteElo "2169"]
[BlackElo "1988"]
[PlyCount "0"]
[EventDate "2021.08.30"]
[EventType "team"]
[EventRounds "9"]
[EventCountry "ECX"]
[WhiteTeam "SK 2012"]
[BlackTeam "GERMANY 1 WOMEN"]

1. Nf3 {[%clk 1:30:54]} Nf6 {[%clk 1:30:37]} 2. d4 {[%clk 1:31:08]} g6
{[%clk 1:29:59]} 3. c4 {[%clk 1:30:36]} Bg7 {[%clk 1:30:04]} 4. Nc3
{[%clk 1:30:55]} d6 {[%clk 1:27:17]} 5. e4 {[%clk 1:28:00]} O-O {[%clk 1:26:31]}
6. Be2 {[%clk 1:28:21]} c5 {[%clk 1:26:40]} 7. O-O {[%clk 1:24:37]} cxd4
{[%clk 1:18:09]} 8. Nxd4 {[%clk 1:24:59]} Bd7 {[%clk 1:18:00]} 9. Be3
{[%clk 1:23:04]} Nc6 {[%clk 1:17:49]} 10. h3 {[%clk 1:20:50]} b6 {[%clk 1:06:40]}
11. Rc1 {[%clk 1:19:46]} Rc8 {[%clk 1:04:43]} 12. Qd2 {[%clk 1:17:38]} Qc7
{[%clk 1:00:58]} 13. b3 {[%clk 1:04:25]} Qb7 {[%clk 1:00:36]} 14. Nc2
{[%clk 1:00:53]} Nd8 {[%clk 0:56:26]} 15. Bf3 {[%clk 0:54:29]} Bc6
{[%clk 0:53:10]} 16. Nd5 {[%clk 0:48:54]} b5 {[%clk 0:40:26]} 17. Bd4
{[%clk 0:38:25]} e5 {[%clk 0:33:57]} 18. Be3 {[%clk 0:36:09]} Bxd5
{[%clk 0:28:35]} 19. cxd5 {[%clk 0:35:57]} Nxe4 {[%clk 0:25:09]} 20. Bxe4
{[%clk 0:36:10]} f5 {[%clk 0:25:33]} 21. f3 {[%clk 0:33:12]} fxe4
{[%clk 0:22:47]} 22. fxe4 {[%clk 0:33:36]} Rc7 {[%clk 0:18:40]} 23. Nb4
{[%clk 0:25:26]} Rxf1+ {[%clk 0:10:26]} 24. Kxf1 {[%clk 0:24:33]} a5
{[%clk 0:09:17]} 25. Nc6 {[%clk 0:23:29]} Nxc6 {[%clk 0:07:58]} 26. dxc6
{[%clk 0:23:50]} Rf7+ {[%clk 0:06:05]} 27. Kg1 {[%clk 0:23:40]} Qc7
{[%clk 0:05:52]} 28. Qd5 {[%clk 0:23:01]} Kf8 {[%clk 0:05:11]} 29. Qxb5
{[%clk 0:23:12]} Bf6 {[%clk 0:04:59]} 30. Bb6 {[%clk 0:21:38]} Qc8
{[%clk 0:05:04]} 31. Qd5 {[%clk 0:17:15]} Bg5 {[%clk 0:04:22]} 32. Qxd6+
{[%clk 0:16:47]} Kg8 {[%clk 0:04:05]} 33. Rc4 {[%clk 0:13:15]} Qf8
{[%clk 0:01:48]} 34. Qxf8+ {[%clk 0:12:45]} Rxf8 {[%clk 0:02:17]} 35. c7
{[%clk 0:12:39]} Rc8 {[%clk 0:02:45]} 36. Bxa5 {[%clk 0:12:33]} Kf7
{[%clk 0:02:43]} 37. Kf1 {[%clk 0:10:57]} Ke6 {[%clk 0:02:53]} 38. Ke2
{[%clk 0:11:18]} Bc1 {[%clk 0:02:39]} 39. Rxc1 {[%clk 0:11:38]}  1-0